Clasificación de los portuguesismos del español hablado en Canarias / (Record no. 120191)

MARC details
000 -LEADER
campo de control de longitud fija 00750nam a2200193 i 4500
001 - NÚMERO DE CONTROL
campo de control 120191
003 - IDENTIFICADOR DE NÚMERO DE CONTROL
campo de control ES-MaACL
005 - FECHA Y HORA DE LA ÚLTIMA TRANSACCIÓN
campo de control 20251012063050.0
007 - CAMPO FIJO DE DESCRIPCIÓN FÍSICA--INFORMACIÓN GENERAL
campo de control de longitud fija t|
008 - DATOS DE LONGITUD FIJA--INFORMACIÓN GENERAL
campo de control de longitud fija 070214s1966 po r ||||1| spa d
100 1# - ENTRADA PRINCIPAL--NOMBRE DE PERSONA
Nombre de persona Pérez Vidal, José,
Fechas asociadas al nombre 1907-1990
9 (RLIN) 160934
245 10 - MENCIÓN DEL TÍTULO
Título Clasificación de los portuguesismos del español hablado en Canarias /
Mención de responsabilidad, etc. José Pérez Vidal.
260 ## - PUBLICACIÓN, DISTRIBUCIÓN, ETC.
Lugar de publicación, distribución, etc. Coimbra :
Nombre del editor, distribuidor, etc. [s.n.],
Fecha de publicación, distribución, etc. 1966 (
Fabricante Gráf. Coimbra)
300 ## - DESCRIPCIÓN FÍSICA
Extensión 10 p. ;
Dimensiones 24 cm.
500 ## - NOTA GENERAL
Nota general Es tirada aparte das Actas do V. Coloquio Internacional de Estudos Luso-Brasileiros, V. III, 1966.
711 1# - ENTRADA AGREGADA--NOMBRE DE REUNIÓN
Nombre de congreso/reunión o jurisdicción como elemento de entrada Coloquio Internacional de Estudos Luso-Brasileiros (
Sede del congreso/Lugar de la reunión Coimbra (
Número del congreso/reunión o número de parte o sección . V)
9 (RLIN) 218679
852 ## - LOCALIZACIÓN
Ubicación ES-MaACL
Número de control de estantería 2087-F-28
Sublocalización o colección R.89908
Holdings
Estatus retirado Estado de pérdida Estado de daño No para préstamo Colección Biblioteca de origen Biblioteca actual Ubicación en estantería Fecha de adquisición Fuente de adquisición Total de préstamos Signatura topográfica completa Código de barras Visto por última vez Precio de reemplazo Tipo de ítem Koha
        Colección de folletos Biblioteca del Ateneo de Madrid Biblioteca del Ateneo de Madrid Depósito folletos 17/01/2008     2087-F-28 1125280 23/02/2023 23/02/2023 Folleto